Представление документа в формате MARC21

Поле Инд. ПП Название Значение
Тип записи a
Библиографический уровень m
001 Контрольный номер RU/IS/BASE/361958720
005 Дата корректировки 20140703195435.6
040 a Служба первич. каталог. НБ ТвГУ
b Код языка каталог. rus
e Правила каталог. PSBO
041 0_ a Код языка текста rus
080 a Индекс УДК 64.021
084 a Индекс другой классификации/Индекс ББК М79
090 a Полочн. индекс М79
x Авторский знак С 56
245 00 a Заглавие Советы по домоводству
c Ответственность [сост. Ю. Н. Данилкин ; худож. Н. Трухин]
260 a Место издания Петрозаводск
b Издательство Петрополь
c Дата издания 1991
300 a Объем 255 с.
b Иллюстрации/ тип воспроизводства ил.
653 a Ключевые слова Домоводство
901 t Тип документа m
920 a Оператор Густ
952 c Вид литературы К р
954 a Дата поступления на обработку 20111024